[Event "Match 82__120'/40"]
[Site "Zürich"]
[Date "2025.??.??"]
[Round "29"]
[White "Scorpio 68000 sel. 4"]
[Black "Mephisto Explorer Pro"]
[Result "1-0"]
[Annotator "15-14 for Scorpio"]
[WhiteElo "2043"]
[BlackElo "2018"]
[WhiteFideId "-1"]
[BlackFideId "-1"]
[PlyCount "130"]
[GameId "544600058057"]
[EventDate "2025.10.05"]
[EventType "match"]
[EventRounds "50"]

{[%evp 0,128,12,22,21,27,12,35,4,12,13,-46,-43,-45,-22,-33,-1,-38,8,-13,12,32767,-64,-65,-87,45,1,18,115,76,105,168,105,86,145,112,175,185,172,55,113,154,149,130,133,90,88,75,62,52,38,70,70,47,195,165,203,204,177,106,99,79,172,192,213,233,217,207,160,160,199,164,192,169,197,192,227,230,226,277,286,248,290,289,310,299,375,417,469,497,544,548,624,641,701,744,32767,719,702,670,636,595,631,634,734,608,705,669,731,615,702,528,537,713,840,758,623,850,1133,920,1179,1229,1274,1390,1342,1352,1339,1420,1430,1671,1697]} 1. e4 e5 {Match Nr. 82 mit 120'/40 | Bediener: Rolf Bühler | Kommentator: Kurt Utzinger | 29. Partie: Weiss (Scorpio 68000 sel. 4) gewinnt | Zwischenstand: 15,0-14,0 für Scorpio 68000 sel. 4 | Stand hypothetisch: 17-12 für Mephisto Explorer Pro | Eröffnung: Zweispringerspiel im Nachzug, bzw. Vierspringerspiel, Italienische Variante | Buchzüge 8 (151) von Scorpio und 4 (119) von Mephisto Explorer Pro | Partieverlauf: Nach Buchende steht der Scorpio 68000 sel. 4 mit einem Bauern weniger da, ist dafür aber besser entwickelt. Objektiv betrachtet, hat Weiss ungenügend Kompensation für den Bauern. Aber in der für unsere Oldies (zu) komplexen Lage, treffen beide Spieler nicht immer die besten Züge. Weiss kann schliesslich ausgleichen und der schwarze König des Mephisto Explorer Pro kommt nicht zur Rochade. Mit einem mutigen Turmopfer gegen vorerst nur einen Bauern überrascht das Programm von David Kittinger seinen Gegner und hält den schwarzen König in der Brettmitte. So muss Schwarz noch einen Läufer hergeben bei noch immer kritischer Stellung. Dann genügt ein Fehler und das Blatt wendet sich völlig zugunsten von Weiss. Wie fast immer in solch komplizierten Stellungen, vergibt der Angreifende (hier Scorpio) vorübergehend den Gewinn, nur um nach einem weiteren gegnerischen Fehler wieder auf dem Siegespfad zu landen. Für diese Niederlage muss sich das Programm von Frans Morsch nicht schämen, denn heute war das Programm von David Kittinger einfach der bessere Spieler.} 2. Nf3 Nc6 3. Nc3 Nf6 4. Bc4 {Damit ist kein Blumentopf zu gewinnen. Gegen die auch gemäss Engine beste Antwort 4...Sxe4, ein Scheinopfer, hat Weiss im klassischen Schach bei 8'341 Partien eine miserable Gewinnquote von 30,4%. Und der ChessBase 26 Eröffnungsreport meint: "Der Zug 4.Lc4 kommt aus der Mode. Die Beliebtheit sinkt von 112% auf 75%, wenn dieser Zug gespielt wird. Moderne Spieler bevorzugen: 4.d4 (120%), 4.Lb5 (100%), 4.g3 (87%)."} Nxe4 $11 {***ENDE BUCH***} 5. O-O {Diese Fortsetzung kommt für unsere Oldies einem Bauernopfer ins Blaue gleich. Weiss erhält für den Bauern nur ungenügend Kompensation. In menschlichen Partien am Brett ist die Sache weniger klar und Schwarz muss genau agieren, um nicht unter die Räder zu kommen.} (5. Nxe4 {ist die üblichste Fortsetzung} d5 6. Bd3 dxe4 7. Bxe4 Bd6 8. O-O O-O 9. Re1 Bg4 $11) 5... Nxc3 6. dxc3 Qe7 {Nur die zweit- oder drittbeste Wahl.} (6... f6 {ist hier ausnahmsweise gut, was in offenen Eröffnungen selten zutrifft.} 7. b4 d6 8. a4 Qe7 9. a5 Be6 10. Bd5 Bxd5 11. Qxd5 Nd8 $6 $15 (11... a6 $1 $17) 12. a6 {1-0 Dubov,D (2716)-Kollars,D (2618) Titled Tuesday intern op 11th Jul Early Chess.com INT blitz 2023 (11)}) (6... h6 $5 7. Qd5 Qe7 8. Re1 d6 9. Nd4 Bd7 $15 {0-1 Theodorou,N (2611)-Demchenko,A (2619) Titled Tuesday intern op 18th Feb Early Chess.com INT blitz 2025 (11)}) 7. Ng5 {Noch aus dem Buch, aber ein Schlag ins Leere.} Nd8 8. Be3 $17 {***ENDE BUCH***} f5 {Noch immer war wohl 8...f6 am besten. Nach dem Textzug kann Weiss trotz Minusbauer ausgleichen.} ({PROMENADE-avx2: 1)} 8... f6 {-0.78(35%)/52} 9. Ne4 d6 10. Qh5+ g6 11. Qh4 Bg7 12. Bh6 Rf8 13. Bxg7 Qxg7 14. f4 f5 15. fxe5 fxe4 16. Rxf8+ Qxf8 17. Qxh7 d5 18. Qxg6+ Qf7 19. Qxf7+ Nxf7 20. Bxd5 Ng5 21. Re1 c6 22. Bb3 a5 23. a3 a4 24. Ba2 Ra5 25. h4 Nf7 26. Rxe4 Bf5 27. Rf4 Nh6 28. Kf2 Bxc2 29. Rb4 Rxe5 30. Rxb7 Kd8 31. Rb4 c5 32. Rb6 Nf5 33. h5 Kd7 34. Bf7 Ke7 35. Bg6 Bd1 36. Kg1 Nh6 37. Kf2 Rg5 38. Ra6 Ng4+ 39. Kg3 Nf6+ 40. Kf4 Rxg2 41. Ra7+ Kd8 42. Ke5 Nd7+ 43. Kf4 {[%eval -78,52] [%wdl 1,694,305]}) ({PROMENADE-avx2: 2)} 8... c6 {-0.66(39%)/52} 9. f4 d5 10. Be2 f6 11. Nf3 e4 12. Nd2 f5 13. c4 Be6 14. cxd5 cxd5 15. Nb3 Nc6 16. c4 dxc4 17. Nc5 b5 18. Nxe6 Qxe6 19. a4 Rd8 20. Qc1 Nd4 21. Bxd4 Rxd4 22. axb5 Bc5 23. Kh1 Ke7 24. Ra4 Bb6 25. Rxc4 Rhd8 26. Rxd4 Rxd4 27. g3 e3 28. Qc3 Kf8 29. Re1 Qe4+ 30. Kg1 Rd2 31. Qc8+ Kf7 32. Qc4+ Kf6 33. Qg8 Bc5 34. b3 h6 35. h4 Rc2 36. h5 Bb4 {[%eval -66,52] [%wdl 2,784,214]}) ({PROMENADE-avx2: 3)} 8... d6 {-0.76(36%)/51} 9. f4 f6 10. f5 h5 11. Ne4 b6 12. a4 Bb7 13. Bb5+ c6 14. Be2 d5 15. Nd2 c5 16. a5 Qd7 17. Bxh5+ Nf7 18. Qe2 O-O-O 19. axb6 axb6 20. Ra7 Nd6 21. Bg4 Nb5 22. Rxb7 Kxb7 23. c4 Nd6 24. h3 Be7 25. cxd5 Qb5 26. Qf2 Ra8 27. Rb1 Kc7 28. Bf3 Qa4 29. c4 Qc2 30. Bxc5 bxc5 31. Qxc5+ Kd8 32. Qb6+ Ke8 33. c5 Nxf5 34. d6 Qxd2 35. Bxa8 Qd4+ 36. Kh1 {[%eval -76,51] [%wdl 1,711,288]}) 9. Re1 {Verhindert ...f4 wegen Lxf4 und Schwarz verliert die Dame, wenn er ...exf4 spielt.} d6 $11 10. Qf3 $6 $17 {Nur mit dem aktiven 10.f4 war das Gleichgewicht zu halten.} g6 {Schwarz steht nun klar besser. Die Bewertung von -/+ (-1.46) (7% +0% =15% -85%) Tiefe: 54/81 sagt alles.} 11. Qg3 {Noch die beste Antwort.} Ne6 $11 {Das vergibt den Vorteil, weshalb 11...Le6 zu bevorzugen ist.} (11... Be6 12. Nxe6 Nxe6 13. Rad1 (13. Bxe6 $2 Qxe6 14. Qf3 c6 $19) 13... Bg7 14. a4 Bf6 15. Bd5 c6 16. Bxe6 Qxe6 17. Bg5 O-O-O $15) 12. Nxe6 Bxe6 13. Bg5 $1 Qf7 $2 $16 {Schlecht, denn nun dreht sich das Blatt zugunsten von Weiss.} (13... f4 $1 {gleich aus} 14. Qh4 (14. Bxf4 $2 Bxc4 15. Bxe5 dxe5 16. Rxe5 Be6 17. Rae1 O-O-O $19) 14... Qd7 15. Bxe6 Qxe6 16. Qxf4 Be7 17. Bxe7 Qxe7 $11) {[#]} 14. Rxe5 $3 {Ein überraschender Einschlag, den der Scorpio 68000 sel. 4 nach wenigen Sekunden auf dem Schirm hat und nicht mehr loslässt. Interessant aber, dass sich das Programm nach 5m57s, Tiefe d08 42-46, mit -00.25 negativ bewertet.} dxe5 15. Qxe5 Bg7 16. Qe2 {Gut gespielt. Während meinem Hundemarsch hat sich der Scorpio 68000 sel. 4 nach 01:25:00 auf Suchtiefe d10 43-51 vorgearbeitet und sieht sich noch -00.18 negativ mit folgender Variante: De1 Kf8, Lxe6 De8, Dc4 b6, Te1 h6.} Kf8 17. Bxe6 {[#]} Qe8 $2 $18 {[%mdl 32768] Das ***VERLIERT*** Nur mit 17...Te8 konnte Schwarz im Trüben fischen.} 18. Re1 {Gemäss der Engine ist 18.De3 gar noch ein überzeugenderer Gewinnweg.} ({PROMENADE-avx2:} 18. Qe3 {4.10(100%)/46} Rd8 19. Bxd8 Qxd8 20. Qxa7 b6 21. Qa3+ Qe7 22. Qa8+ Qe8 23. Qd5 Bf6 24. Rd1 h5 25. Qd7 h4 26. g3 Rh5 27. Qxe8+ Kxe8 28. Rd7 hxg3 29. hxg3 f4 30. gxf4 Rc5 31. Rh7 Kd8 32. Kg2 Rc6 33. Bd5 Rd6 34. Be4 g5 35. Kf3 gxf4 36. Kxf4 Rd7 37. Rxd7+ Kxd7 38. Kf5 Bh8 39. Bd3 Kd6 40. f3 Bg7 41. f4 Ke7 42. Bc4 Bf6 43. a4 Bg7 44. Ke4 Kd6 45. Be2 Ke6 46. Ke3 Kd6 47. Bf3 {[%eval 410,46] [%wdl 1000,0,0]}) 18... h6 {Noch die beste Verteidigung.} 19. Be3 $6 $16 {Nur noch +/- nach dieser Ungenauigkeit.} ({Es gewinnt} 19. Bh4 g5 20. Qd3 $1 Bf6 21. Qxf5 Kg7 22. Bg3 $18) {[#]} 19... b6 $2 $18 {[%mdl 32768] Stolpert wieder in den ***VERLUST***. Notwendig war 19...Lf6, obwohl auch dann am weissen Vorteil nicht zu rütteln ist.} 20. g4 {Ein logischer und guter Angriffszug. Gemäss Stockfish 17.1 ist 12.Lb3 noch wesentlich stärker.} ({Stockfish 17.1: 1)} 20. Bb3 {+4.45(100%)43} Rd8 21. Qc4 Qd7 22. g3 g5 23. Re2 Bf6 24. Rd2 Qg7 25. Qb4+ Rd6 26. Bc5 Be5 27. Bxd6+ cxd6 28. Qc4 Qe7 29. Qc8+ Kg7 30. Qxf5 Rf8 31. Qe4 h5 32. Bc4 Bf6 33. Qd5 Qe5 34. Qxd6 Qe1+ 35. Bf1 h4 36. Qd5 Rd8 37. Qb7+ Qe7 38. Qxe7+ Bxe7 39. Rd4 Bf6 40. Rd3 b5 {[%eval 445,43] [%wdl 1000,0,0]}) ({Stockfish 17.1: 2)} 20. g4 {+2.33(100%)/43} Bf6 21. Qf3 Rd8 22. gxf5 g5 23. Kf1 h5 24. Qg2 g4 25. Qe4 Qe7 26. Bf4 Rh7 27. Kg2 Re8 28. Rd1 Rd8 29. Rd3 Kg7 30. b4 a5 31. b5 Kf8 32. Be3 Rg7 33. Kf1 Bg5 34. Bd4 Bf6 35. a4 Rh7 36. Be3 Rg7 37. Bf4 Bg5 38. f6 Qxf6 39. Be5 Qg6 40. Bxg7+ Qxg7 41. Qf5+ Ke7 42. Bd5 Qf6 43. Qh7+ Kf8 44. Qxh5 Bh4 45. Rd2 Rd7 46. c4 Bg5 47. Re2 Re7 48. Qxg4 Rxe2 49. Kxe2 Ke7 50. Qe4+ Kd6 51. Qd3 Bh4 52. Qa3+ Ke5 53. Qe3+ Kd6 54. f4 Qf5 {[%eval 233,43] [%wdl 999,1,0]}) 20... Rd8 21. gxf5 gxf5 22. Qf3 $2 {Das vergibt den Gewinn.} ({stärker} 22. Kf1 $1 $18 {und gewinnt}) 22... Qg6+ 23. Kh1 Qg4 24. Qxg4 fxg4 25. Bxg4 $11 {Die Stellung befindet sich im dynamischen Gleichgewicht.} c5 26. Bh5 {[#]} Rg8 $2 $18 {[%mdl 32768] ***VERLUSTZUG*** weil hier der Turm äusserst ungünstig steht, so dass Weiss mit Drohungen arbeiten und zwingend Material erobern kann. Sowohl nach 26...Le5 als auch nach 26...Lf6 bleibt es ausgeglichen.} ({PROMENADE-avx2: 1)} 26... Be5 {0.21(51%)/39} 27. Bc1 Bf6 28. Bf4 Kg7 29. Rg1+ Kf8 30. Be2 Re8 31. Bd6+ Be7 32. Bg3 Rg8 33. Bb5 Rd8 34. Re1 Bf6 35. h3 Kg7 36. Kg2 h5 37. Re4 Rgf8 38. Ra4 Rf7 39. Be2 Rh8 40. Bc4 Rd7 41. Bd3 Rg8 42. f4 a5 43. Bf2 Rgd8 {[%eval 21,39] [%wdl 14,985,1]}) ({PROMENADE-avx2: 2)} 26... Bf6 {0.24(51%)/38} 27. Bf4 Kg7 28. Rg1+ Kf8 29. Be2 Re8 30. Bb5 Re6 31. Rd1 Kg7 32. a4 Rd8 33. Rg1+ Kh7 34. Bd3+ Rxd3 35. cxd3 Re2 36. Rb1 Rxf2 37. Bb8 a6 38. Ba7 Bd8 39. b4 Rd2 40. bxc5 bxc5 41. Rb7+ Kg6 42. Rd7 Bf6 43. Bxc5 Bxc3 44. Be3 Re2 45. Rd6+ Kf5 46. Bg1 Rd2 47. Rxh6 Rxd3 48. Rxa6 Rd2 49. h3 Ra2 50. Ra8 {[%eval 24,38] [%wdl 16,983,1]}) 27. Bf4 {Droht Matt durch Ld6+ Txd6, Te8#, so dass Schwarz gezwungen wird, entweder den Läufer oder den Turm g8 zu ziehen. Und beide Fortsetzungen haben entscheidende materielle Nachteile zur Folge.} Rh8 ({oder} 27... Bf6 28. Bxh6+ Rg7 29. Re6 Bh4 30. Rg6 Rdd7 31. Rg4 Bf6 (31... Bxf2 $2 32. Bxg7+ Rxg7 33. Rf4+ Ke7 34. Rxf2) 32. Kg2 Kg8 33. Bxg7 Bxg7 34. h4 $18 {und mit drei Bauern im Plus sowie zwei Freibauern hat Schwarz keine Rettungschancen.}) 28. Bc7 $1 Rc8 {Der Turm muss auf der 8. Reihe bleiben, ansonsten setzt Weiss mit Te8 Matt.} 29. h3 Kg8 30. Bd6 Kh7 31. Re7 Rhf8 32. Be5 Rg8 33. Bf7 (33. f4 Kh8) 33... Bxe5 34. Bxg8+ Kxg8 35. Rxe5 $18 {Das Turmendspiel ist für Weiss leicht gewonnen.} Rd8 36. Kg2 Rd2 37. Re8+ Kf7 38. Ra8 a5 39. Rb8 Rd6 40. Kf3 Rf6+ 41. Ke3 Kg6 42. f4 Kh5 43. Ke4 $1 {Zentralisiert den König und unterstützt den Vormarsch seines Freibauern auf der f-Linie.} Kh4 44. Ke5 Rc6 45. f5 {Der für Schwarz tödliche Freibauer auf dem Marsch nach dem Umwandlungsfeld.} Kg5 (45... Kxh3 46. f6 Rc7 47. Kd6 Rf7 48. Ke6 Rc7 49. f7 $18) 46. Rg8+ $1 {drängt den König ab, so dass dem anschliessenden Vorwärtsdrang des weissen f-Bauern nichts mehr im Wege steht.} Kh4 47. f6 Rc7 48. Kd6 Ra7 49. Rg4+ Kxh3 50. Rg7 Ra8 51. f7 Rf8 52. Ke7 Rh8 53. Rg6 {Weshalb so umständlich, statt direkt Tg8?} (53. Rg8 Rh7 54. Kf6 Rxf7+ 55. Kxf7 $18) 53... Rh7 54. Rxb6 h5 55. Rf6 h4 56. Kd6 Rh8 57. f8=Q Rxf8 58. Rxf8 {Der Rest ist noch für die Galerie.} c4 59. b4 axb4 60. cxb4 Kg2 61. b5 h3 62. Rh8 h2 63. Rxh2+ Kxh2 64. b6 Kg3 65. a4 Kf2 {***AUFGEGEBEN***} 1-0

[Event "Match 82__120'/40"]
[Site "Zürich"]
[Date "2025.??.??"]
[Round "30"]
[White "Mephisto Explorer Pro"]
[Black "Scorpio 68000 sel. 4"]
[Result "1-0"]
[Annotator "15-15 Ausgleich"]
[WhiteElo "2016"]
[BlackElo "2043"]
[WhiteFideId "-1"]
[BlackFideId "-1"]
[PlyCount "108"]
[GameId "544600058058"]
[EventDate "2025.10.05"]
[EventType "match"]
[EventRounds "50"]

{[%evp 0,108,10,15,24,15,11,13,15,32767,20,21,6,8,16,6,25,25,24,16,41,39,27,30,32767,32767,62,65,85,60,106,27,70,39,39,47,74,121,126,129,270,279,335,335,376,327,365,336,331,32767,418,410,404,417,412,322,321,308,467,352,381,344,373,399,32767,32767,369,359,429,362,406,161,305,32767,409,327,355,606,831,855,32767,32767,880,826,827,867,828,824,854,32767,880,856,861,851,986,916,945,992,1089,1051,1110,1130,1230,913,902,911,893,989,961,955,977]} 1. d4 Nf6 {Match Nr. 82 mit 120'/40 | Bediener: Rolf Bühler | Kommentator: Kurt Utzinger | 30. Partie: Weiss (Mephisto Explorer Pro) gewinnt | Zwischenstand: 15,0-15,0 Ausgleich | Stand hypothetisch: 18-12 für Mephisto Explorer Pro | Eröffnung: Damengambit, Slawische Verteidigung, Hauptvariante | Buchzüge 9 (160) von Scorpio und 8 (127) von Mephisto Explorer Pro | Partieverlauf: Der mit Schwarz spielende Scorpio 68000 sel. 4 bringt nach der Eröffnung kein harmonisches Figurenspiel auf die Beine und geht chancenlos unter.} 2. Nf3 d5 3. c4 c6 4. Nc3 dxc4 5. a4 Bf5 6. e3 e6 7. Bxc4 Bb4 8. O-O $11 {***ENDE BUCH***} O-O 9. Qb3 Qe7 $14 {***ENDE BUCH***} 10. Nh4 Be4 $2 {Das verdient Tadel und erlaubt Weiss, klaren Vorteil zu erreichen. Üblich sind 10...Lg4 oder 10...Lg6, beides gut spielbar.} 11. Nxe4 Nxe4 12. Nf3 (12. Bd3 $1 {ist kräftiger und gewinnt ein Tempo, da der Läufer so oder so lieber auf d3 statt c4 stehen möchte.}) 12... Nd7 {Das unterstützt die möglichen Bauernvorstösse mit ...c5 oder ...e5.} 13. a5 Rab8 $6 {Ein unnötiges Manöver, kann doch Schwarz ...b6 oder ...b5 auch ohne den Textzug ausführen.} 14. a6 $6 $11 {Weiss revanchiert sich mit einem sinnlosen Vorstoss. Nur mit 14.Dc2 oder 14.Ld3 konnte Weiss auf Vorteil spielen.} {[#]} Ndf6 $2 $18 {[%mdl 32768] Das ***VERLIERT*** aus Sicht der Engines, während unsere Oldies das noch total anders sehen. Aber auch aus grundsätzlichen Überlegungen hätte der andere Springer nach f6 hüpfen sollen.} 15. axb7 $6 $14 {Weiss verpasst...} (15. Bd3 $1 {mit einer schon gewinnträchtigen Bewertung +- 2.42(100%)/51, wobei das für unsere Oldies noch lange nicht klar wäre.} h6 16. Qc2 Ng5 17. Ne5 c5 18. axb7 $18) 15... Qxb7 16. Ba6 Qa8 (16... Qb6 {vermag besser zu gefallen}) 17. Ne5 $16 Bd6 $6 {ungenau} ({besser} 17... c5 {um den isolierten Schwächling loszuwerden, verdient den Vorzug.}) 18. Qc4 {Drückt auf c6. Das ist gut, aber noch besser mit dem gleichen Zweck, war 18.Dc2, was dem La6 den Rückzug nach d3 ermöglicht.} Rb4 19. Qc2 {[#]} Bxe5 $2 $18 {[%mdl 32768] ***VERLUSTZUG*** +- (3.58) (100% +100% =0% -0%) Tiefe: 42/75} (19... Nc5 20. dxc5 Bxe5 21. f4 Bc7 {+- (1.65) (98% +95% =5% -0%)}) 20. dxe5 Ne8 {Zurück nach d7 war noch am besten.} 21. f3 Ng5 22. Bd2 Rb6 23. f4 {Nun hat der Sg5 keine Fluchtfelder mehr.} Qb8 24. Bc3 {Selbst das unschöne 24.fxg5 genügt zum Sieg.} Rxa6 {Aus diesem Qualitätsopfer spricht pure Verzweiflung.} 25. Rxa6 Nc7 26. Rxc6 Nd5 27. Rc1 {Es gab keinen Grund, das Schlagen auf e3 zuzulassen.} (27. Bd2 {war natürlich am einfachsten}) 27... Nxe3 28. Qe2 Qb7 29. Bd4 {Auch De3 oder fxg5 gewinnen.} Nh3+ 30. gxh3 Nf5 {Schwarz hat einen ganzen Turm zu wenig. Weitere Kommentare erübrigen sich.} 31. Bf2 a5 32. Rc7 Qb3 33. Ra1 Qxh3 34. Rxa5 Nh4 35. Bc5 Rd8 36. Rd7 Rc8 (36... Rxd7 $4 37. Ra8+ Rd8 38. Rxd8# {Matt}) 37. Ra3 Qf5 38. Qd1 g5 39. Rd8+ Rxd8 40. Qxd8+ Kg7 41. Bf8+ Kg6 42. Qxg5+ Qxg5+ 43. fxg5 Nf5 44. b4 Nd4 45. Rd3 Nc6 46. Bd6 Kxg5 47. b5 Na5 48. b6 Kf5 49. Ra3 Nb7 50. Ra7 Nd8 51. Rxf7+ Nxf7 52. b7 Nxe5 53. Bxe5 Kxe5 54. b8=Q+ Ke4 {***AUFGEGEBEN***} 1-0